000 00720nam a2200217Ia 4500
999 _c36016
_d36016
001 1915
003 GE_BSU
005 20221011143209.0
008 181216s2008ru xx |||||||||||||| ||rus||
020 _a9785369000069
040 _cGE_BSU
041 _arus
080 _a342.7 К-64
245 _aКонвенция о защите прав человека и основных свобод
264 _aМосква :
_bРИОР,
_c2008.
300 _a27 с.:
653 _aКонвенция защите прав человека
653 _aადამიანის უფლებათა დაცვის კონვენცია
653 _aსამართალი
942 _cBK
_2udc